| 000 | 00768cam a22002292 4500 | ||
|---|---|---|---|
| 001 | 0000006212 | ||
| 005 | 20151217152014.0 | ||
| 008 | 070926s xx 000 0 eng d | ||
| 020 |
_a8120312457 : _cKES 1010 |
||
| 040 |
_aKABU _cKABU |
||
| 100 | 1 |
_aReeder, Robert R. _@0000157607 |
|
| 245 | 1 | 0 |
_aIndustrial marketing : _banalysis, planning and control. / _cRobert R. Reeder, Edward G. Brierty, Betty H. Reeder. |
| 250 | _a2nd ed. | ||
| 260 |
_aNew Delhi : _bPrentice Hall, _c1991. |
||
| 300 | _axvi, 670 p. | ||
| 650 | 0 |
_aIndustrial marketing _xManagement. _@0000157580 |
|
| 700 | 1 |
_aBrierty, Edward,G. _@0000157608 |
|
| 700 | 1 |
_aReeder, Betty H. _@0000157609 |
|
| 908 | _a070926 | ||
| 950 | _@1 | ||
| 999 |
_c7228 _d7228 |
||